| 000 | 00427nam a2200181Ia 4500 | ||
|---|---|---|---|
| 005 | 20250603145707.0 | ||
| 008 | 250603s9999 xx 000 0 und d | ||
| 020 | _a81-207-0040-6 | ||
| 050 | _aLB 1585 .D37/ | ||
| 100 | _aDas, R. C. | ||
| 245 | 0 | _aScience teaching in school | |
| 260 | _aNew Delhi | ||
| 260 | _bSterling Publisher Pvt.Ltd | ||
| 260 | _c2006 | ||
| 300 | _a264 p | ||
| 650 | _aNew Delhi | ||
| 942 | _cBK | ||
| 999 |
_c42581 _d42581 |
||